000 01178cam a22003497a 4500
003 CHAP
005 20220329134330.0
008 971013s1974 r 00010 d
010 _a18889
011 _a19861
035 _a23946
040 _cCHAP
090 _aFolleto 8058
100 0 0 _aDíaz-Bolio, José.
_933697
245 1 3 _aLa chaya planta maravillosa; alimenticia y medicinal
260 _aMérida, Yuc. :
_b(s.e.),
_c1974
300 _a47 p.
_b: ilus.
490 0 _aEtno-botánica maya
590 _aBATCH-UPD
_b10
_c20130110
_lUCH01
_h1134
590 _aBATCH-UPD
_b10
_c20130410
_lUCH01
_h0722
590 _aBATCH-UPD
_b10
_c20130914
_lUCH01
_h0740
590 _aCONVERSION
_b10
_c20130109
_lUCH01
_h1311
650 1 4 _aBotánica médica.
_914680
650 1 4 _aCnidoscolus chayamansa.
_923950
830 0 _aEtno-botánica maya
_938608
901 _aBK
942 _cFOLL
949 _aFolleto 8058
_bBC
_cFOLL
_d-55449
_eTS1
_i23946
_si
949 _aFolleto 8058
_bBC
_cFOLL
_d-55450
_eTS2
_fc.2
_i23946
_si
949 _aFolleto 8058
_bBC
_cFOLL
_d33724002166108
_eTS2
_fc.3
_gI.c/e
_i23946
_si
949 _aFolleto 8058
_bBC
_cFOLL
_d33724002231918
_eTS2
_fc.4
_gDonaciØn
_i23946
_sb
999 _c18889
_d18889